|
|
|
|
| LEADER |
02040nam a22003017a 4500 |
| 001 |
8252 |
| 003 |
BD-DhAAL |
| 005 |
20260128114239.0 |
| 008 |
160225s 2014bg a|||| |||| 00| 1 ben d |
| 020 |
|
|
|a 9789848858707
|
| 020 |
|
|
|a 8172930267
|
| 040 |
|
|
|a BD-DhAAL
|c BD-DhAAL
|
| 082 |
|
|
|a 891.4437
|2 23
|
| 100 |
|
|
|a মজুমদার, সমরেশ.
|9 18201
|
| 245 |
|
|
|a গর্ভধারিণী /
|c সমরেশ মজুমদার.
|
| 260 |
|
|
|a ঢাকা :
|b নবযুগ প্রকাশনী ;
|b মিত্র ও ঘোষ পাবলিশার্স,
|c ১৯৮৩, ২০১৪ [অষ্টবিংশ মুদ্রণ ১৯৯৬].
|
| 300 |
|
|
|a ৫১১ পৃষ্ঠা,
|a ৫৩৩ পৃষ্ঠা ;
|b চিত্র ;
|c ২২ সে.মি.
|
| 541 |
|
|
|a Residential Campus, Donated By Akbar Ali Khan
|e 8252, 34986, 34819, 40139
|
| 650 |
|
|
|a Bengali fiction.
|9 18202
|
| 650 |
|
|
|a Bengali literature.
|9 52726
|
| 852 |
|
|
|a Ayesha Abed Library
|c General Stacks
|
| 942 |
|
|
|2 ddc
|c BK
|
| 999 |
|
|
|c 36936
|d 36936
|
| 952 |
|
|
|0 0
|1 0
|2 ddc
|4 0
|6 891_443700000000000_MAJ
|7 0
|9 58173
|a SCL
|b SCL
|c GEN
|d 2016-02-25
|g 365.00
|l 25
|m 82
|o 891.4437 MAJ
|p 3020008252
|r 2025-11-11
|s 2025-10-30
|t 1
|w 2016-02-25
|y BK
|
| 952 |
|
|
|0 0
|1 0
|2 ddc
|4 0
|6 891_443700000000000_MAJ
|7 0
|9 58174
|a SCL
|b SCL
|c GEN
|d 2016-02-25
|g 365.00
|l 11
|m 30
|o 891.4437 MAJ
|p 3020008251
|r 2025-06-21
|s 2025-06-21
|t 2
|w 2016-02-25
|y BK
|
| 952 |
|
|
|0 0
|1 0
|2 ddc
|4 0
|6 891_443700000000000_MAJ
|7 0
|9 65666
|a SCL
|b SCL
|c GEN
|d 2019-07-17
|e Development Book Agency
|g 510.00
|l 12
|m 49
|o 891.4437 MAJ
|p 3020034819
|r 2025-12-28
|s 2025-10-13
|t 3
|v 510.00
|w 2019-07-17
|y BK
|
| 952 |
|
|
|0 0
|1 0
|2 ddc
|4 0
|6 891_443700000000000_MAJ
|7 0
|9 65837
|a BRACUL
|b BRACUL
|c GEN
|d 2019-07-24
|e Development Book Agency
|g 510.00
|l 18
|m 100
|o 891.4437 MAJ
|p 3010034986
|r 2026-01-18
|s 2026-01-06
|t 4
|v 510.00
|w 2019-07-24
|y BK
|
| 952 |
|
|
|0 0
|1 0
|2 ddc
|4 0
|6 891_443700000000000_MAJ
|7 1
|9 72442
|a BRACUL
|b BRACUL
|c AAKC
|d 2022-12-06
|e Donated by Akbar Ali Khan
|g 126.00
|l 6
|m 6
|o 891.4437 MAJ
|p 3010040139
|r 2025-07-23
|s 2025-07-15
|t 5
|w 2022-12-06
|y BK
|x Rs. 100.00
|